000 00289nam a22001337a 4500
008 190306b xxu||||| |||| 00| 0 eng d
020 _a2740361282698
041 _aeng
080 _a531
100 _a43
101 _aFIZ
245 _aConceptual Physics
_cHewitt, P.G
942 _2udc
_cBK
999 _c54647
_d54647